Statystyki dla Rodzaje wojsk w CoW (Call of War)

Kliknij tutaj aby rozwiązać quiz!

Ogólne statystyki

  • Ten quiz został rozwiązany 19 razy
  • Średni wynik to 20 z 34

Statystyki odpowiedzi

KategoriaRodzaj% Poprawnych
PiechotaPiechota
93%
PiechotaPiechota zmechanizowana
93%
UzbrojenieArtyleria
87%
PiechotaKomandos
87%
PiechotaPiechota zmotoryzowana
87%
CzołgiCzołg ciężki
80%
PiechotaMilicja
80%
MorskieNiszczyciel
80%
CzołgiCzołg lekki
73%
CzołgiCzołg średni
73%
CzołgiNiszczyciel czołgów
73%
PiechotaSpadochroniarze
73%
UzbrojenieArtyleria samobieżna
67%
UzbrojenieJednostka przeciwpancerna
67%
MorskieKrążownik
67%
MorskieLotniskowiec
67%
MorskieOkręt podwodny
67%
PowietrzneMyśliwiec
60%
MorskiePancernik
60%
CzołgiPojazd opancerzony
60%
PowietrzneBombowiec taktyczny
53%
SpecjalnePocisk nuklearny
53%
PowietrzneBombowiec marynarki
47%
PowietrzneBombowiec ofensywny
47%
PowietrzneBombowiec strategiczny
47%
SpecjalneArtyleria rakietowa
40%
SpecjalneBombowiec atomowy
40%
UzbrojenieJednostka przeciwpowietrzna
40%
SpecjalneLatająca bomba
40%
SpecjalneRakieta
40%
SpecjalneDziało kolejowe
33%
SpecjalneSamobieżna artyleria rakietowa
33%
SpecjalneMyśliwiec przechwytujący
27%
UzbrojenieSamobieżna jednostka przeciwlotnicza
13%

Rozkład punktacji

Percentyl według liczby udzielonych odpowiedzi

Procent ludzi z każdym wynikiem

Twoja historia wyników

Nie rozwiązałeś tego quizu